000 00485cam a22001575a 4500
001 J101031
008 000000s1934 xxk 000 0 eng u
035 _a(Sirsi) u101031
110 _aChartered Surveyors' Institution
_92274
245 _aGoodwill: wih special reference to the Landlord and Tenant Act 1927. February 1934. A memorandum relating to the paper.
260 _c1934
300 _a7p.
651 4 _aUnited Kingdom
_y
690 _aLandlord and tenant
_96252
942 _n0
999 _c99995
_d99995